Biomedical Signals, Imaging, and Informatics (Record no. 591374)

000 -LEADER
fixed length control field 00492nam a22001577a 4500
020 ## - INTERNATIONAL STANDARD BOOK NUMBER
International Standard Book Number 9781138748118
040 ## - CATALOGING SOURCE
Transcribing agency NUST
082 ## - DEWEY DECIMAL CLASSIFICATION NUMBER
Classification number 610.28 BIO
100 ## - MAIN ENTRY--PERSONAL NAME
Personal name Bronzino, Joseph D.
9 (RLIN) 59015
110 ## - MAIN ENTRY--CORPORATE NAME
Corporate name or jurisdiction name as entry element Peterson, Donald.R
9 (RLIN) 99856
245 ## - TITLE STATEMENT
Title Biomedical Signals, Imaging, and Informatics
250 ## - EDITION STATEMENT
Edition statement 4th Edition
260 ## - PUBLICATION, DISTRIBUTION, ETC.
Place of publication, distribution, etc. Boca Raton:
Name of publisher, distributor, etc. CRC Press,
Date of publication, distribution, etc. 2015.
650 ## - SUBJECT ADDED ENTRY--TOPICAL TERM
Topical term or geographic name entry element Diagnostic Imaging.Signal Processing, Computer Assisted.Medical Informatics.NUSTTB2022
9 (RLIN) 102876
942 ## - ADDED ENTRY ELEMENTS (KOHA)
Source of classification or shelving scheme
Koha item type Book
Holdings
Withdrawn status Lost status Source of classification or shelving scheme Damaged status Not for loan Permanent Location Current Location Shelving location Date acquired Full call number Barcode Date last seen Price effective from Koha item type Public note
          College of Electrical & Mechanical Engineering (CEME) College of Electrical & Mechanical Engineering (CEME) General Stacks 09/07/2022 610.28 BIO CEME-50852 09/07/2022 09/07/2022 Book 4.0
          College of Electrical & Mechanical Engineering (CEME) College of Electrical & Mechanical Engineering (CEME) E-Books 10/11/2022 280 SCB CEME-50852-A 10/11/2022 10/11/2022 E-Books SOFT BOOK
© 2023 Central Library, National University of Sciences and Technology. All Rights Reserved.